Welcome to CU Library Online Public Access Catalogue (OPAC)

Keating On Construction Contracts (Record no. 198)

MARC details
000 -LEADER
fixed length control field 00409nam a22001577a 4500
005 - DATE AND TIME OF LATEST TRANSACTION
control field 20241025141209.0
008 - FIXED-LENGTH DATA ELEMENTS--GENERAL INFORMATION
fixed length control field 241025b |||||||| |||| 00| 0 eng d
020 ## - INTERNATIONAL STANDARD BOOK NUMBER
International Standard Book Number 9780414055711
050 ## - LIBRARY OF CONGRESS CALL NUMBER
Classification number KD1641.K4
Item number 1
245 ## - TITLE STATEMENT
Title Keating On Construction Contracts
250 ## - EDITION STATEMENT
Edition statement Thenth
260 ## - PUBLICATION, DISTRIBUTION, ETC.
Place of publication, distribution, etc. London
Name of publisher, distributor, etc. Sweet & Maxwell
Date of publication, distribution, etc. 2016
300 ## - PHYSICAL DESCRIPTION
Extent cxcvii, 1237 pages.
Other physical details Index
Dimensions 24 cm
650 ## - SUBJECT ADDED ENTRY--TOPICAL TERM
Source of heading or term Law
942 ## - ADDED ENTRY ELEMENTS (KOHA)
Source of classification or shelving scheme Library of Congress Classification
Koha item type Books
Suppress in OPAC No
999 ## -
-- 198
-- 198
Holdings
Withdrawn status Lost status Source of classification or shelving scheme Damaged status Not for loan Home library Current library Shelving location Date acquired Total checkouts Full call number Barcode Date last seen Copy number Price effective from Koha item type Collection
    Library of Congress Classification     Law Library (Christ Temple) Law Library (Christ Temple) General stacks 03/14/2025   KD1641.K4 KEA LLCT00000492 03/14/2025 1 03/14/2025 Books Non-fiction
    Library of Congress Classification     Law Library (Kumasi) Law Library (Kumasi) General stacks 03/18/2025   KD1641.K4 KEA llk00000085 03/18/2025 3 03/18/2025 Books Non-fiction
    Library of Congress Classification     Law Library (Kumasi) Law Library (Kumasi) General stacks 03/18/2025   KD1641.K4 KEA llk00000086 03/18/2025 4 03/18/2025 Books Non-fiction
    Library of Congress Classification     Law Library Annex (Miotso) Law Library Annex (Miotso) General stacks 10/25/2024   KD1641.K4 KEA LLM00000133 10/25/2024 1 10/25/2024 Books  
© 2023-2024 Copyright: Central University Libraries. All Rights Reserved | Created by: Mahone Tech Office